1592 1210 1458 1839 1193 1308 1058 1385 1864 1385 1424 1519 1937 1168 1972 1366 1291 1582 1445 1904 1227 1494 1976 1848 1625 1360 1333 1669 1736 1324 1388 1272 1267 1428 1275 1350 1543 1788 1723 1359 1870 1397 1598 1473 1904 1041 1487 1972 1168 1466 1732 1946 1660 1795 1370 1731 1872 1442 1194 1803 1711 1391 1159 1952 1764 1770 1233 1771 1450 1275 1718 1059 1134 1058 1416 1428 1707 1324 1182 1192 1693 1441 1678 1819 1776 1949 1099 1082 1510 1563 1002 1052 1810 1574 1653 1938 1729 1272 1590 BCNSPRNW ULIB Ver.6.0+V

เปลี่ยนเป็นภาษาไทย

Change to English
 แสดงรายละเอียดบรรณานุกรม
  กลับหน้าหลัก

Brief Record : Get Marc (ISO 2709) : E-mail record : QR code < ปิดหน้าต่าง
LEADER : 00000nam 2200000uu 4500
001    13399124423
003     ULIB
008    020711s2550 th a 000 0 tha d
020    9789749899281
090    นว.^bย111ค
100    โยโคมิโซะ เซซิ ;^eเขียน
245    คินดะอิจิยอดนักสืบ ตอนที่4 : ร่างทรงมรณะ/^cโยโคมิโซะ เซซิ ; เขียน , เสาวณีย์ นวรัตน์จำรูญ ; แปล
250    พิมพ์ครั้งที่ 6
260    กรุงเทพฯ :^bjbook,^c2550
300    296 หน้า;^b21 ซม.
650    นิยายแปล
700    เสาวณีย์ นวรัตน์จำรูญ ;^eแปล
710    jbook
945    ^p220^l0^i22984
999    ^aทศพร เกษรทอง
รายการนี้ยังไม่มีแท็ก
คุณยังไม่ได้ล็อกอิน คุณสามารถมีกิจกรรมร่วมกับเว็บไซต์ได้ แต่ต้องล็อกอินก่อน ::
  ล็อกอิน

รายการสื่อสารสนเทศ

ลำดับที่ ประเภท เลขเรียก/บาร์โค้ด สถานที่ สถานะ
1. นวนิยาย
นวนิยาย
นว. ย111ค ฉ.1 
  Barcode: 22984
ห้องสมุดวิทยาเขตนครสวรรค์
►นวนิยาย:l:Fiction
บนชั้น

รายการใกล้เคียง
    หัวเรื่อง [นิยายแปล]

BibComment


ยังไม่เคยถูกคอมเมนท์

คอมเมนท์ทรัพยากรรายการนี้
  คอมเมนท์: คินดะอิจิยอดนักสื..


 Copyright 2026. Bcnsprnw @Library